书目信息 |
| 题名: |
经济理论视角下的区块链作用机理与发展逻辑研究
|
|
| 作者: | 杨继 著 | |
| 分册: | ||
| 出版信息: | 上海 上海社会科学院出版社 2022.05 |
|
| 页数: | 311页 | |
| 开本: | 24cm | |
| 丛书名: | ||
| 单 册: | ||
| 中图分类: | F713.361.3 | |
| 科图分类: | ||
| 主题词: | 电子商务--dian zi shang wu--支付方式--研究 | |
| 电子资源: | ||
| ISBN: | 978-7-5520-3880-4 | |
| 000 | 01486nam0 2200253 450 | |
| 001 | CAL 0120227448188 | |
| 005 | 20230217093113.0 | |
| 010 | @a978-7-5520-3880-4@dCNY88.00 | |
| 100 | @a20220818d2022 em y0chiy0120 ea | |
| 101 | 0 | @achi |
| 102 | @aCN@b310000 | |
| 105 | @aa a 000yy | |
| 106 | @ar | |
| 200 | 1 | @a经济理论视角下的区块链作用机理与发展逻辑研究@Ajing ji li lun shi jiao xia de qu kuai lian zuo yong ji li yu fa zhan luo ji yan jiu@f杨继著 |
| 210 | @a上海@c上海社会科学院出版社@d2022.05 | |
| 215 | @a311页@c图@d24cm | |
| 314 | @a杨继, 女, 北京大学经济学博士, 复旦大学经济学博士后, 副研究员, 现为北京中科金财科技股份有限公司 (002657) 首席经济学家。 | |
| 320 | @a有书目 (第287-311页) | |
| 330 | @a本书主要运用包括市场失灵、宏观政策、交易成本、博弈论、历史变迁、要素分配等经济学理论和研究方法, 遵循从微观到宏观、从作用机理到发展路径的研究思路展开论述, 对区块链的经济本质、对经济社会发展的宏微观作用机理进行了深入阐析, 包括对降低交易成本、矫正市场失灵、优化要素价值分配等微观领域的分析 ; 对国家宏观政策、生产关系变革、社治理结构与模式的调整和对社会正义与社会信用的作用等宏规领域的作用分析 ; 还以产业变迁的视角分析了区块链出现发展的内在逻辑、蕴含的风险及其在未来经济中的地位与作用, 并探析了在符合经济规律的前提下区块链的发展逻辑与发展路径, 从而推动其走向更加良性的发展路径。 | |
| 606 | 0 | @a电子商务@Adian zi shang wu@x支付方式@x研究 |
| 690 | @aF713.361.3@v5 | |
| 701 | 0 | @a杨继@Ayang ji@4著 |
| 801 | 0 | @aCN@bBJXHZP@c20230228 |
| 905 | @b1397205-8@dF713.361.3@e1261@f4 | |
| 经济理论视角下的区块链作用机理与发展逻辑研究/杨继著.-上海:上海社会科学院出版社,2022.05 |
| 311页:图;24cm |
| ISBN 978-7-5520-3880-4:CNY88.00 |
| 本书主要运用包括市场失灵、宏观政策、交易成本、博弈论、历史变迁、要素分配等经济学理论和研究方法, 遵循从微观到宏观、从作用机理到发展路径的研究思路展开论述, 对区块链的经济本质、对经济社会发展的宏微观作用机理进行了深入阐析, 包括对降低交易成本、矫正市场失灵、优化要素价值分配等微观领域的分析 ; 对国家宏观政策、生产关系变革、社治理结构与模式的调整和对社会正义与社会信用的作用等宏规领域的作用分析 ; 还以产业变迁的视角分析了区块链出现发展的内在逻辑、蕴含的风险及其在未来经济中的地位与作用, 并探析了在符合经济规律的前提下区块链的发展逻辑与发展路径, 从而推动其走向更加良性的发展路径。 |
| ● |
| 相关链接 |
|
|
|
|
正题名:经济理论视角下的区块链作用机理与发展逻辑研究
索取号:F713.361.3/1261
 
预约/预借
| 序号 | 登录号 | 条形码 | 馆藏地/架位号 | 状态 | 备注 |
| 1 | 1397205 | 213972058 | 第一样本阅览室/ [索取号:F713.361.3/1261] | 在馆 | |
| 2 | 1397206 | 213972067 | 第一借阅区/ [索取号:F713.361.3/1261] | 在馆 | |
| 3 | 1397207 | 213972076 | 第一借阅区/ [索取号:F713.361.3/1261] | 在馆 | |
| 4 | 1397208 | 213972085 | 第一借阅区/ [索取号:F713.361.3/1261] | 在馆 |